| 000 | 00404nam a2200145 a 4500 | ||
|---|---|---|---|
| 001 | 000033109 | ||
| 005 | 20200930070032.0 | ||
| 008 | 110817s1924 dr a 000 0 spa d | ||
| 040 |
_aDO-SdBNP _bspa _cBNPHU |
||
| 082 |
_axxx _bD542 |
||
| 100 | 1 |
_aDíaz, Matos _958779 |
|
| 245 | 1 | 0 |
_aCaricaturas / _cMatos Díaz. |
| 260 |
_aSabto Domingo : _bLa cuna de América, _c1924. |
||
| 300 |
_a[54 p.] : _bil. ; _c25 cm. |
||
| 999 |
_c32600 _d32600 |
||